01283nam a22003134a 4500001001100000003000800011006001900019007001500038008004100053010001700094020002800111040002100139035002000160050002500180082001700205100002300222245009000245260003900335300001800374504006600392533015200458650005900610650005600669650005600725655002900781710001700810856012500827999001700952ebr5004437CaPaEBRm u cr cn|||||||||990618s2000 ctu sb 001 0 eng  z 99037526  z0275965651 (alk. paper) aCaPaEBRcCaPaEBR a(OCoLC)4999526914aGV183.6b.F56 2000eb04a790.1/962211 aFink, Dale Borman.10aMaking a place for kids with disabilitiesh[electronic resource] /cDale Borman Fink. aWestport, Conn. :bPraeger,c2000. axviii, 204 p. aIncludes bibliographical references (p. [195]-199) and index. aElectronic reproduction.bPalo Alto, Calif. :cebrary,d2013.nAvailable via World Wide Web.nAccess may be limited to ebrary affiliated libraries. 0aChildren with disabilitiesxRecreationzUnited States. 0aYouth with disabilitiesxRecreationzUnited States. 0aSports for people with disabilitieszUnited States. 7aElectronic books.2local2 aebrary, Inc.40uhttp://site.ebrary.com/lib/rucke/Doc?id=5004437zAn electronic book accessible through the World Wide Web; click to view c15771d15771